000 01021cam a2200289 a 4500
001 1880134
003 ARRUPE
005 20140130143605.0
008 830309s1983 wiu b 000 0 eng
010 _a 83060749
020 _a0874625386
040 _aDLC
_cDLC
_dDLC
050 0 0 _aBS2585.2
_b.D664 1983
082 0 0 _a226/.306
_219
100 1 _aDonahue, John R.
_97400
245 1 4 _aThe theology and setting of discipleship in the gospel of Mark /
_cby John R. Donahue.
260 _aMilwaukee, Wis. :
_bMarquette University Press,
_cc1983.
300 _a65 p. ;
_c19 cm.
490 1 _aThe 1983 Père Marquette theology lecture
504 _aIncludes bibliographical references.
600 0 0 _aJesus Christ
_xFriends and associates.
_97401
630 0 0 _aBible.
_pMark
_xCriticism, interpretation, etc.
_97402
650 0 _aChristian life
_xBiblical teaching.
_97403
830 0 _aPere Marquette theology lecture ;
_v1983.
_97404
906 _a7
_bcbc
_corignew
_d3
_eopcn
_f19
_gy-gencatlg
942 _2lcc
_cMONOGRAPH
999 _c119791
_d119791